| 000 | 01460nam0a2200313 4500 | ||
|---|---|---|---|
| 001 | RU\NLR\BIBL_A\011212367 | ||
| 005 | 20250810071955.0 | ||
| 035 | _a(NLR Aleph) 011212367 | ||
| 090 |
_a13329241 _c13329241 |
||
| 100 | _a20160914d1941 m y0rusy50 ca | ||
| 101 | 0 | _akir | |
| 102 | _aKG | ||
| 105 | _ay z 000gy | ||
| 200 | 1 |
_aМакел дѳѳ _eОрозбаков сагымбайдын айтуусу бойунча _fКыргыз тилинин жана адабийатынын илим изилдѳѳ ин-ту _gбасмага дайардаган Абдырахманов Ы. |
|
| 210 |
_aФрунзе _cКыргызмамбас _d1941 |
||
| 215 |
_a61, [1] c. _d15 |
||
| 225 | 1 | _aМанас серийалары | |
| 300 | _aЛатин. графика | ||
| 541 | 1 |
_aВеликан Макел _eпо варианту Сагымбая Орозбакова _zrus |
|
| 605 |
_a"Манас" _lкиргизский героический эпос _91395721 _3RU\NLR\AUTH\66274120 |
||
| 686 | 1 | _aШ3(257=Ки)-611 | |
| 702 | 1 |
_aОрозбаков _bС. _cсказитель-манасчи _f1867-1930 _gСагымбай _4100 |
|
| 702 | 1 |
_aАбдырахманов _bЫ. _cпоэт, сказитель-манасчи _f1888-1967 _gЫбырайым _4220 |
|
| 852 |
_aNLR _bОНЛ _jКирг./1-169 |
||
| 942 | _cBOOK | ||
| 945 | _aРоссийская национальная библиотека | ||
| 980 | _aBV | ||
| 980 | _aNB | ||